000 00424nam a2200157Ia 4500
008 240729s9999 xx 000 0 und d
022 _a2449-8343
245 0 _aHerba Polonica
260 _aPoland
260 _bPolish Ministry of Science and Higher Education
650 _a Plant culture
650 _aAgriculture
856 _uhttps://doaj.org/toc/d254a31ba8844125bbf90531f9830f4b
942 _2ddc
942 _cDOAJEJ
999 _c69030
_d69030
945 _a1
_bMadushi Gamage
_c1
_dMadushi Gamage